| 000 | 00545nam a2200229Ia 4500 | ||
|---|---|---|---|
| 003 | OSt | ||
| 005 | 20230525103313.0 | ||
| 008 | 210423s2000 xx 000 0 und d | ||
| 020 | _a8121920086 | ||
| 040 | _cAL | ||
| 041 | _aeng | ||
| 082 |
_a340 GOGT _223 |
||
| 100 |
_aGOGNA (P P S) _9113505 |
||
| 245 | _aText book of company law | ||
| 260 |
_bSultan Chand & Sons _c2000 |
||
| 300 |
_a1,456 _bPB |
||
| 365 |
_b165 _cINR |
||
| 650 |
_aLaw _9113506 |
||
| 650 |
_aSocial Sciences _9113507 |
||
| 906 | _acompany ; law | ||
| 942 |
_2ddc _cBK |
||
| 999 |
_c173414 _d173414 |
||